书目信息 |
| 题名: |
建筑工程项目管理
|
|
| 作者: | 项建国 主编 | |
| 分册: | ||
| 出版信息: | 北京 中国建筑工业出版社 2005.02 |
|
| 页数: | 243页 | |
| 开本: | 26cm | |
| 丛书名: | ||
| 单 册: | ||
| 中图分类: | TU71 | |
| 科图分类: | ||
| 主题词: | 建筑工程--项目管理--高等教育--教材 | |
| 电子资源: | ||
| ISBN: | 7-112-06600-X | |
| 000 | 00891nam0 2200241 450 | |
| 001 | 010261156827 | |
| 005 | 20050729150623.85 | |
| 010 | @a7-112-06600-X@dCNY23.00 | |
| 100 | @a20050727d2005 km y0chiy0120 ea | |
| 101 | 0 | @achi |
| 102 | @aCN@b110000 | |
| 105 | @aa a 000yy | |
| 200 | 1 | @a建筑工程项目管理@Ajian zhu gong cheng xiang mu guan li@f项建国主编@Fxiang jian guo zhu bian |
| 210 | @a北京@c中国建筑工业出版社@d2005.02 | |
| 215 | @a243页@c图@d26cm | |
| 300 | @a土建学科高等职业教育专业委员会规划推荐教材(工程造价与建筑管理类专业适用) | |
| 320 | @a有书目。 | |
| 330 | @a本书讲述了建筑工程项目管理的基本内容、基本程序和基本方法,介绍了建筑工程项目从招投标开始到竣工保修全过程中各阶段的管理实施方案等。 | |
| 606 | 0 | @a建筑工程@x项目管理@x高等教育@x教材 |
| 690 | @aTU71@v4 | |
| 701 | 0 | @a项建国@Axiang jian guo@4主编 |
| 801 | 0 | @aCN@bQSSK@c20050729 |
| 905 | @a10447@dTU71@eX284 | |
| 建筑工程项目管理/项建国主编.-北京:中国建筑工业出版社,2005.02 |
| 243页:图;26cm |
| 土建学科高等职业教育专业委员会规划推荐教材(工程造价与建筑管理类专业适用) |
| ISBN 7-112-06600-X:CNY23.00 |
| 本书讲述了建筑工程项目管理的基本内容、基本程序和基本方法,介绍了建筑工程项目从招投标开始到竣工保修全过程中各阶段的管理实施方案等。 |
| ● |
| 相关链接 |
|
|
|
正题名:建筑工程项目管理
索取号:TU71/X284
 
预约/预借
| 序号 | 登录号 | 条形码 | 馆藏地/架位号 | 状态 | 备注 |
| 1 | 527066 | 205270669 | 建筑库201/201建筑库 16排3列4层/ [索取号:TU71/X284] | 在馆 | |
| 2 | 527067 | 205270678 | 自科二线404/101建筑库 54排4列4层/ [索取号:TU71/X284] | 在馆 |